Ingeniería industrial : métodos, tiempos y movimientos
שמור ב:
| מחבר ראשי: | |
|---|---|
| פורמט: | ספר |
| יצא לאור: |
México, Distrito Federal : Alfaomega
1990
|
| נושאים: | |
| תגים: |
הוספת תג
אין תגיות, היה/י הראשונ/ה לתייג את הרשומה!
|
MARC
| LEADER | 00000nam a2200000Ia 4500 | ||
|---|---|---|---|
| 003 | L000650 | ||
| 005 | 20221231144006.0 | ||
| 008 | 140114s1990 m a 000 ||s d | ||
| 040 | |c cru CEDI | ||
| 082 | |a 658.542 N665i | ||
| 100 | |a Niebel, Benjamín W |9 18521 | ||
| 245 | |a Ingeniería industrial : métodos, tiempos y movimientos | ||
| 260 | |a México, Distrito Federal : Alfaomega |c 1990 | ||
| 300 | |a xii, 814 páginas : ilustraciones | ||
| 500 | |a Traducción de: Motion and time study, 8. ed. | ||
| 650 | |x SALARIOS |x RENDIMIENTO DEL TRABAJO |x INGENIERÍA INDUSTRIAL |9 18522 | ||
| 942 | |2 ddc |c BK | ||
| 999 | |c 15308 |d 15308 | ||
